000 00596nam a22002057a 4500
005 20240306154349.0
008 240214b |||||||| |||| 00| 0 eng d
020 _a9780323057240
082 _a617.645
_bDEA-M
100 _aDean, Jeffery A.
245 _aMcdonald and Avery's Dentistry for the Child and Adolescen /
_c Jeffery A. Dean , McDonald , Avery
250 _a9th ed.
260 _aIndia :
_bElsevier ;
_c2012 .
300 _avii , 704 p. :
_bill ;
_c27 cm .
500 _aInclude Index
650 _aMedical / Dentistry
700 _aMcDonald
700 _aAvery
999 _c35144
_d35144